000 00233 a2200085 4500
020 _a978-8417412340
100 _aDaniela Brambilla
245 _aHuman Figure Drawing: Drawing Gestures, Posturers and Movements
260 _bPromopress
_c2020
999 _c13231
_d13231